01611 2200349 4500001002100000005001500021035002000036007000300056008004100059020002200100082001200122084001800134100002800152245001000180250001400190300002500204650001000229650002000239700002700259700002600286520077600312264003301088336002101121337003001142338002301172990001101195990001101206990001101217990001101228990001101239990001101250INLIS00000000002247320250130022625 a0010-0125000162ta250130 d f ind  a978-623-327-211-7 a808.973 a808.973 VER l0 aVera CasparyePengarang1 aLaura aCetakan 1 a284 halaman ;c19 cm 4aFiksi 4aNovel (Amerika)0 aDina BegumePenerjemah0 aAvifah VeePenyunting aLaura Hunt adalah wanita modern yang ideal: cantik, anggun, sangat ambisius, dan misterius. Tidak ada pria yang bisa menolak pesonanya—termasuk seorang detektif profesional yang dikirim untuk menemukan pembunuh yang mengubahnya menjadi mayat tak berwajah. Saat polisi tangguh ini menyelidiki misteri kematian Laura, dia menjadi terobsesi dengan kekuatan anehnya. Segera dia menyadari bahwa dia telah dirayu oleh seorang wanita yang sudah mati. Laura memenangkan ketenaran abadi sebagai film nominasi Academy Award 1944, menjadi romansa noir terbesar sepanjang masa. Novel ini disajikan dengan tulisan yang matang, plot twist yang menggetarkan, dan karakter-karakternya yang sangat kompleks—termasuk seorang wanita yang berdiri sebagai femme fatale di akhir cerita. aYogyakarta :bLaksana,c2022 2rdacontentaTeks 2rdamediaaTanpa Perantara 2rdacarrieraLembar a077722 a077723 a077724 a075010 a075009 a075008